BLOOD HARVEST (Record no. 2815)
[ view plain ]
| 000 -LEADER | |
|---|---|
| fixed length control field | 00568nam a22001457a 4500 |
| 020 ## - INTERNATIONAL STANDARD BOOK NUMBER | |
| ISBN | 978-0-552-15977-7 |
| 082 ## - DEWEY DECIMAL CLASSIFICATION NUMBER | |
| Classification number | 823 |
| Item number | BOL/B |
| 100 ## - MAIN ENTRY--AUTHOR NAME | |
| Personal name | BOLTON, S.J |
| 245 ## - TITLE STATEMENT | |
| Title | BLOOD HARVEST |
| 260 ## - PUBLICATION, DISTRIBUTION, ETC. (IMPRINT) | |
| Place of publication | GREAT BRITAIN |
| Name of publisher | CORFI BOOKS |
| Year of publication | 2011 |
| 300 ## - PHYSICAL DESCRIPTION | |
| Number of Pages | 570 |
| 520 ## - SUMMARY, ETC. | |
| Summary, etc | The setting is a village on the remote Pennine moors, where the villagers still slaughter all their own meat in a "blood harvest" ritual, "bone men" are burned on All Souls' Day and where a series of blonde little girls have gone missing in recent years. |
| 650 ## - SUBJECT ADDED ENTRY--TOPICAL TERM | |
| Topical Term | NOVEL |
| Geographic subdivision | GREAT BRITAIN |
| 942 ## - ADDED ENTRY ELEMENTS (KOHA) | |
| Koha item type | Books |
| Withdrawn status | Lost status | Collection code | Home library | Current library | Shelving location | Date acquired | Source of acquisition | Full call number | Accession Number | Koha item type |
|---|---|---|---|---|---|---|---|---|---|---|
| Fiction | Main Library | Main Library | SHELF-14B -ALPHABETICAL -B--ENGLISH NOVELS & FICTIONS | 06/08/2011 | purchase | 823 BOL/B | 05558 | Books |